<?xml version="1.0" encoding="UTF-8"?>
<record
    xmlns:xsi="http://www.w3.org/2001/XMLSchema-instance"
    xsi:schemaLocation="http://www.loc.gov/MARC21/slim http://www.loc.gov/standards/marcxml/schema/MARC21slim.xsd"
    xmlns="http://www.loc.gov/MARC21/slim">

  <leader>02046nam a2200289Ia 4500</leader>
  <controlfield tag="001">H4211</controlfield>
  <controlfield tag="003">IT-RoPAU</controlfield>
  <controlfield tag="008">130308s9999    xx            000 0 und d</controlfield>
  <datafield tag="040" ind1=" " ind2=" ">
    <subfield code="a">IT-RoPAU</subfield>
  </datafield>
  <datafield tag="040" ind1=" " ind2=" ">
    <subfield code="c">IT-RoPAU</subfield>
  </datafield>
  <datafield tag="041" ind1=" " ind2=" ">
    <subfield code="a">ITALIANO</subfield>
  </datafield>
  <datafield tag="100" ind1=" " ind2=" ">
    <subfield code="a">Porcu Costantino</subfield>
  </datafield>
  <datafield tag="100" ind1=" " ind2=" ">
    <subfield code="g">Codice Aut. SPICS: 57568</subfield>
  </datafield>
  <datafield tag="245" ind1=" " ind2=" ">
    <subfield code="a">Durer</subfield>
  </datafield>
  <datafield tag="245" ind1=" " ind2=" ">
    <subfield code="b">Durer</subfield>
  </datafield>
  <datafield tag="250" ind1=" " ind2=" ">
    <subfield code="a">1a ed.</subfield>
  </datafield>
  <datafield tag="260" ind1=" " ind2=" ">
    <subfield code="a">MILANO</subfield>
  </datafield>
  <datafield tag="260" ind1=" " ind2=" ">
    <subfield code="b">Corriere Della Sera</subfield>
  </datafield>
  <datafield tag="260" ind1=" " ind2=" ">
    <subfield code="c">2004 [1&#xB0; Ed.:2004 - Ed.Ling.Originale:2004]</subfield>
  </datafield>
  <datafield tag="300" ind1=" " ind2=" ">
    <subfield code="a">"192 p. (prefazione: no ; testo: 192 [pagine: 0-0])"</subfield>
  </datafield>
  <datafield tag="500" ind1=" " ind2=" ">
    <subfield code="a">"Presentazione di Giorgio Zampa: L'Irraggiungibile Semplicita&#x8D; della Bellezza. La Vita, L'Arte e I capolavori a cura di Porcu Costantino. Apparati: tavola Cronologica; collocazione Geografica delle Opere; breve Antologia Critica; consigli Bibliografici. I Capolavori: ritratto del Padre; Autoritrattocon fiore di Eringio; Il Principe Elettore Federico Il Saggio; Altare di Dresda: la Vergine col bambino tra I Santi Antonio Abate e Sebastiano; Albrecht Durer Il Vecchio; Autoritratto con Guanti; Il Compianto su Cristo Morto; Madonna col bambino Alla Finesta; ritratto di Elspeth Tucher; ritratto Dihans Tucher; ritratto di Felicitas Tucher; ritratto di Oswolt Krel; Homo Silvaticus con Lo Stemma di Oswolt Krel e di Agathe Krel; Autoritratto con Pelliccia; Ercole uccide gli Uccelli di Stinfalo; Il Compianto su Cristo morto (Glimm); ritratto di Giovane; Polittico dei sette Dolori; Altare Paumgartner; Madonna degli Animali; Pifferaio e Suonatore di Tamburo; L'Adorazionedei Magi; Madonna col Bambino; ritratto di giovane Veneziana; ritratto di Veneziana; ritratto di Giovane; ritratto di Burkard Von Speyer; festa del Rosario; Gesu' Dodicenne tra I Dottori; Madonna del Lucherino; ritratto di Ragazza con Berretto Rosso; Adamo ed Eva; Il Martirio dei Diecimila; Adorazione della Santissima Trinita'; la Vergine col bambino Disteso...."</subfield>
  </datafield>
  <datafield tag="650" ind1=" " ind2=" ">
    <subfield code="a">AUTORI/OPERE DI PITTURA</subfield>
  </datafield>
  <datafield tag="650" ind1=" " ind2=" ">
    <subfield code="e">Codice materia Spics: 5207</subfield>
  </datafield>
  <datafield tag="942" ind1=" " ind2=" ">
    <subfield code="c">BK</subfield>
  </datafield>
  <datafield tag="957" ind1=" " ind2=" ">
    <subfield code="7">1</subfield>
  </datafield>
  <datafield tag="999" ind1=" " ind2=" ">
    <subfield code="c">91212</subfield>
    <subfield code="d">91212</subfield>
  </datafield>
  <datafield tag="999" ind1=" " ind2=" ">
    <subfield code="g">1</subfield>
  </datafield>
  <datafield tag="952" ind1=" " ind2=" ">
    <subfield code="0">0</subfield>
    <subfield code="1">0</subfield>
    <subfield code="4">0</subfield>
    <subfield code="6">H_000000000000000_4211</subfield>
    <subfield code="7">1</subfield>
    <subfield code="a">SPICS</subfield>
    <subfield code="b">SPICS</subfield>
    <subfield code="d">2013-03-08</subfield>
    <subfield code="l">0</subfield>
    <subfield code="o">H4211</subfield>
    <subfield code="r">2013-03-08 00:00:00</subfield>
    <subfield code="w">2013-03-08</subfield>
    <subfield code="y">BK</subfield>
    <subfield code="z">Progressivo inserimento:  24091 /  N. Volumi: 1 Copie: 1  / data import: 1 marzo 2013 - By Epidotti, Trombetti, Vaglietti. </subfield>
  </datafield>
</record>
